Które miasto w Ameryce Łacińskiej? - Statystyki

Ogólne statystyki
  • Ten quiz został rozwiązany 81 razy
  • Średni wynik to 14 z 24
Statystyki odpowiedzi
Opis Miasto % Poprawnych
Dom słynnego pomnika Chrystusa Odkupiciela R Rio de Janeiro
91%
Miasto powyżej 10 milionów ludzi leżące nad Pacyfikiem L Lima
89%
Najludniejsze miasto w Ameryce Łacińskiej M Meksyk
88%
Jedyna stolica kraju, której nazwa zaczyna się na literę Q Q Quito
86%
Znajduje się przy głównym kanale między Atlantykiem a Pacyfikiem P Panama
80%
Najludniejsze w Ameryce Południowej S São Paulo
80%
Stolica na granicy z Argentyną A Asunción
75%
Pablo Escobar zarządzał kartelem w tym mieście M Medellín
75%
Zaplanowane miasto w kształcie samolotu B Brasília
72%
Jej nazwa oznacza „Pomyślne Wiatry” B Buenos Aires
72%
Miasto na północ od Rio de la Plata M Montevideo
65%
Posiada najwyższą wysokość spośród wszystkich stolic państwowych L La Paz
62%
Najludniejsze miasto na Amazonii M Manaus
57%
Stolica państwa, która dzieli nazwę z dużym miastem w Kalifornii S San José
57%
Stolica Imperium Inków C Cuzco
49%
Stolica Karaibów, najstarsze europejskie miasto w Ameryce S Santo Domingo
49%
Najludniejsze francuskojęzyczne miasto w Ameryce Łacińskiej P Port-Au-Prince
42%
Graniczy z San Diego T Tijuana
42%
Najbardziej wysunięte na wschód duże miasto w Ameryce Łacińskiej R Recife
38%
Duże miasto położone nad jeziorem (właściwie zatoką pływową) o tej samej nazwie M Maracaibo
31%
Najbardziej wysunięte na północ duże miasto w Kolumbii. Również rodzinne miasto Shakiry B Barranquilla
26%
Najludniejszy obszar miejski w Ekwadorze G Guayaquil
26%
Miasto zależne od turystyki w pobliżu ruin Majów C Cancún
25%
Stolica stanu Jukatan, zbudowana na terenie miasta Majów T'hó M Mérida
15%
Nie znaleziono quizów pasujących do podanych kryteriów
Rozkład punktacji
Procent ludzi z każdym wynikiem
Percentyl według liczby udzielonych odpowiedzi
Twoja historia wyników
Nie rozwiązałeś tego quizu